Top 10 quickest cars to have ever existed - Statistics

General Stats
  • This quiz has been taken 36 times
  • The average score is 5 of 10
Answer Stats
Top Speed Horsepower Car % Correct
273mph 1140 Koenigsegg Agera R
100%
300mph 1500 Bugatti Chiron
85%
268mph 1200 Bugatti Veyron
85%
270mph 1244 Hennessey Venom GT
59%
241mph 628 Mclaren F1
48%
242mph 806 Koenigsegg CCR
44%
233mph 1104 Zenvo ST1
41%
250mph 1000 Mclaren Speedtail
37%
256mph 1000 SSC Ultimate Aero
22%
257mph 1120 9FF GT9
15%
No matching quizzes found
Score Distribution
Percent of People with Each Score
Percentile by Number Answered
Your Score History
You have not taken this quiz